Statistics for The Least Christian Countries in the Americas

Click here to take the quiz!

General Stats

  • This quiz has been taken 77 times
  • The average score is 10 of 12

Answer Stats

% Country % Correct
67.3Canada
97%
71United States
94%
57.0Guyana
90%
48.4Suriname
88%
59.2Cuba
84%
57.6Trinidad and Tobago
81%
65.3Jamaica
78%
76.7Belize
78%
68Chile
72%
74Barbados
70%
74Antigua and Barbuda
69%
58.1Uruguay
61%

Score Distribution

Percentile by Number Answered

Percent of People with Each Score

Your Score History

You have not taken this quiz